000 00541nam a2200181Ia 4500
005 20250326124112.0
008 250326s9999 xx 000 0 und d
037 _aTextbook
040 _aFMSL
_beng
_cFMSL
041 _aeng
_2eng
084 _aX:321.2 L8;4
_qFMSL
100 _aMwhta S C
_9736772
245 0 _aIndian consumers: studies and cases for marketing decisions
_cMwhta S C
260 _aNew Delhi
_bNew Delhi, TAta McGraw-Hill
_c1978
300 _a336p
942 _cTB
_hX:321.2 L8;4
999 _c1272286
_d1272286